|
|
|
|
| LEADER |
00000cam a2200000 7i4500 |
| 001 |
0000025230 |
| 005 |
20140328.0 |
| 008 |
250314 my a eng |
| 020 |
|
|
|c RM10.30
|
| 040 |
|
|
|a INS
|
| 090 |
0 |
0 |
|a T50
|b A83 2012
|
| 245 |
1 |
0 |
|a Asas dan konsep pengukuran :
|b siri pengajaran dan pembelajaran fakulti teknologi kejuruteraan
|c Muhammad Sharil Yahaya, Mohd Hanif Che Hasan, Zulkifli Ibrahim... [dll]
|
| 250 |
|
|
|a Modul 3
|
| 260 |
|
|
|a Melaka :
|b Universiti Teknikal Malaysia ,
|c 2012
|
| 300 |
|
|
|a v,81ms. :
|b ill ;
|c 24cm.
|
| 500 |
|
|
|a Mengandungi rujukan
|
| 650 |
|
0 |
|a Measurement
|
| 700 |
1 |
|
|a Mohd Hanif Che Hasan
|
| 700 |
1 |
|
|a Muhammad Sharil Yahaya
|
| 700 |
1 |
|
|a Zulkifli Ibrahim
|
| 999 |
|
|
|a 1000001500
|b BOOK
|c Open Shelf
|e Default branch
|